000 01024cad a22001935a 4500
001 L155457
008 120323e2012 xxk 000 0 eng d
035 _a(Sirsi) u155457
041 0 _aeng
110 2 _aUnited Kingdom
_bDepartment for Environment Food and Rural Affairs
245 0 0 _aRed Tape Challenge
_bEnvironment Theme Proposals
_h[electronic resource]
260 _aLondon
_bDEFRA
_c2012
520 _aDetails the proposals following the government's Red Tape Challenge for the Environment Theme which was launched in April 2011. Areas covered include, waste, environment permitting and carbon reduction. Out of 255 regulations 132 will be improved mainly through simplification and consolidation, 70 will be kept as they are and 53 obsolete regulations will be removed.
590 _aKA NTK
651 4 _aUnited Kingdom
690 _aEnvironment
_96238
856 4 0 _uhttps://www.defra.gov.uk/publications/files/pb13728-red-tape-environment.pdf
_zView the proposals free of charge at www.defra.gov.uk
942 _n0
999 _c83867
_d83867